000 00226nam a2200121Ia 4500
100 _a#N/A
942 _cBK
245 _aCambridge Professioal English
260 _b#N/A
082 _b21627
546 _aENGLISH
999 _c26799
_d26799